000 00982cab a2200265 4500
001 ABS49925
008 090401t1994 xxu||||| |||| 00| 0 eng d
035 _a(Sirsi) u73359
041 _aeng
110 _aR T James & Partners
_92283
245 _aBuilding shelters within offices
260 _c1994
350 _a0
490 _aArchitects` Journal
_v199(24) 5 January 1994, 21-23(3)
520 _aAdvises building managers on key points to consider when planning to construct bomb-proof shelters in office blocks as an anti-terrorist measure. Looks at the need for shelters, their performance, their location and the elements of their design. Guides on procedure in the event of a bomb blast.
650 _aBOMB SHELTERS
650 _aBOMBS
650 _aCONTINGENCY PLANS
650 _aSHELTERS
650 _aTERRORISM
690 _aBUILT ENVIRONMENT-CONSTRUCTION DESIGN
690 _aBUILT ENVIRONMENT-BUILDING STANDARDS
942 _n0
948 _c04/03/1997
999 _c46388
_d46388